Z... le tueur a la corde / (Record no. 152308)

MARC details
000 -LEADER
campo de control de longitud fija 00506nam a22001695i 4500
001 - NÚMERO DE CONTROL
campo de control 152308
003 - IDENTIFICADOR DE NÚMERO DE CONTROL
campo de control ES-MaACL
005 - FECHA Y HORA DE LA ÚLTIMA TRANSACCIÓN
campo de control 20230906204631.0
008 - DATOS DE LONGITUD FIJA--INFORMACIÓN GENERAL
campo de control de longitud fija 051017q19001910fr | |||||||| ||fre d
040 ## - FUENTE DE CATALOGACIÓN
Centro catalogador/agencia de origen CAM
Lengua de catalogación spa
Centro/agencia transcriptor CAM
100 1# - ENTRADA PRINCIPAL--NOMBRE DE PERSONA
Nombre de persona Boissière, Albert.
9 (RLIN) 29871
245 10 - MENCIÓN DEL TÍTULO
Título Z... le tueur a la corde /
Mención de responsabilidad, etc. Albert Boissière.
260 ## - PUBLICACIÓN, DISTRIBUCIÓN, ETC.
Lugar de publicación, distribución, etc. Paris :
Nombre del editor, distribuidor, etc. Pierre Lafitte & C.,
Fecha de publicación, distribución, etc. [s.a.]
300 ## - DESCRIPCIÓN FÍSICA
Extensión 368 p. ;
Dimensiones 19 cm.
596 ## - NOTA AL PIE DE IMPRENTA
NOTA AL PIE DE IMPRENTA Probablemente imp. ca. 1900-1910.
852 ## - LOCALIZACIÓN
Ubicación ES-MaACL
Número de control de estantería C-3060
Nota libre -- Enc. hol.
Holdings
Estatus retirado Estado de pérdida Estado de daño No para préstamo Biblioteca de origen Biblioteca actual Ubicación en estantería Fecha de adquisición Fuente de adquisición Total de préstamos Signatura topográfica completa Código de barras Visto por última vez Precio de reemplazo Tipo de ítem Koha
        Biblioteca del Ateneo de Madrid Biblioteca del Ateneo de Madrid Sala Palomar 17/01/2008     C-3060 1159022 23/02/2023 23/02/2023 Libro impreso